| 000 | 00621nam a2200229Ia 4500 | ||
|---|---|---|---|
| 008 | 160803s9999 xx 000 0 und d | ||
| 020 | _a0 590444085 | ||
| 100 | _aGibbons, Gail | ||
| 245 | _aWeather words and what they mean / | ||
| 245 | _cby Gail Gibbons. | ||
| 260 | _aNew York : | ||
| 260 | _bScholastic Inc. | ||
| 260 | _c1990 | ||
| 300 | _a32 unnumbered pages : | ||
| 300 | _bcolor illustrations ; | ||
| 300 | _c21 x 26 cm | ||
| 650 | _aMeteorology -- Terminology -- | ||
| 650 | _aWeather -- Terminology -- | ||
| 650 | _xJuvenile literature. | ||
| 650 | _xJuvenile literature. | ||
| 700 | _a450 | ||
| 999 |
_c299314 _d299314 |
||